[Event "Titled Tue 17th Jun Late"]
[Site "chess.com INT"]
[Date "2025.06.17"]
[Round "2"]
[White "Einarsson, Halldor Gretar"]
[Black "Risteski, Emil"]
[Result "0-1"]
[WhiteTitle "FM"]
[BlackTitle "IM"]
[WhiteElo "2177"]
[BlackElo "2374"]
[WhiteFideId "2300150"]
[BlackFideId "15005267"]
[EventDate "2025.06.17"]

1. d4 g6 2. c4 Bg7 3. Nc3 c5 4. Nf3 cxd4 5. Nxd4 Nc6 6. e3 Nf6 7. Be2 O-O 8. O-O
Nxd4 9. exd4 d5 10. cxd5 Nxd5 11. Nxd5 Qxd5 12. Be3 Bf5 13. Qa4 a6 14. Rac1 Bc8
15. Rc7 Qd6 16. Rfc1 Be6 17. Bf3 b5 18. Qa5 Rac8 19. R1c6 Qd8 20. Qc3 Rxc7 21.
Rxc7 Bxa2 22. Qc5 e6 23. Ra7 Qa5 24. g3 Bb3 25. Qc6 Qa1+ 26. Kg2 Bc4 27. Kh3 Qb1
28. Rxa6 Qf5+ 29. Kg2 Qb1 30. Kh3 Bf1+ 31. Bg2 Qf5+ 32. g4 Bxg2+ 33. Qxg2 Qc2
34. Qc6 Qxb2 35. Rb6 b4 36. Qc4 Qb1 37. Rxb4 Qe4 38. Kg3 f5 0-1

[Event "Titled Tue 17th Jun Late"]
[Site "chess.com INT"]
[Date "2025.06.17"]
[Round "2"]
[White "Winkels, Marcel"]
[Black "Fadi, Marko"]
[Result "0-1"]
[WhiteTitle "CM"]
[BlackTitle "FM"]
[WhiteElo "1905"]
[BlackElo "2298"]
[WhiteFideId "1003887"]
[BlackFideId "10605371"]
[EventDate "2025.06.17"]

1. e4 c5 2. d4 cxd4 3. c3 Nf6 4. Bd3 dxc3 5. Nxc3 d6 6. Nf3 e5 7. O-O Be7 8. Bg5
O-O 9. Bxf6 Bxf6 10. Nd5 Be6 11. Bc4 Nc6 12. a3 Bg4 13. h3 Bxf3 14. Qxf3 Nd4 15.
Qd3 Rc8 16. Rac1 a6 17. a4 Bg5 18. f4 Bh6 19. Rc3 g6 20. f5 Kh8 21. b4 Qh4 22.
a5 gxf5 23. exf5 Rg8 24. Kh1 Rg5 25. Ne3 Rcg8 26. Bxf7 R8g7 27. Bd5 Rg3 28. Qd2
Bf4 29. f6 Qxh3+ 0-1

[Event "Titled Tue 17th Jun Late"]
[Site "chess.com INT"]
[Date "2025.06.17"]
[Round "2"]
[White "Casadio, Niccolo'"]
[Black "Goryachkina, Aleksandra"]
[Result "1-0"]
[WhiteTitle "FM"]
[BlackTitle "GM"]
[WhiteElo "2249"]
[BlackElo "2533"]
[WhiteFideId "2827951"]
[BlackFideId "4147103"]
[EventDate "2025.06.17"]

1. e4 c5 2. Nf3 d6 3. d4 cxd4 4. Qxd4 Nf6 5. Nc3 a6 6. e5 Nc6 7. Qa4 dxe5 8.
Nxe5 Bd7 9. Nxd7 Qxd7 10. g3 e6 11. Bg2 Be7 12. O-O O-O 13. Rd1 Qc7 14. Bf4 Qb6
15. Qb3 Qxb3 16. cxb3 Rfd8 17. h3 h6 18. Be3 Kf8 19. Rac1 Rxd1+ 20. Rxd1 Rd8 21.
Rxd8+ Bxd8 22. Kf1 Ke7 23. Na4 Nd7 24. Ke2 Bc7 25. a3 f5 26. b4 g5 27. f4 Kf6
28. Nc3 Bb6 29. Bd2 Bd4 30. b3 Nb6 31. b5 axb5 32. Nxb5 Bc5 33. Bc3+ Kf7 34. b4
Be7 35. Bd2 Nd5 36. Kd3 gxf4 37. gxf4 Ke8 38. Bxd5 exd5 39. Nc7+ Kd7 40. Nxd5
Bd6 41. a4 Ke6 42. Kc4 h5 43. b5 Nd8 44. a5 Bb8 45. Be3 Nf7 46. Bc5 h4 47. a6
bxa6 48. bxa6 Nd6+ 49. Bxd6 Kxd6 50. Ne3 Kc6 51. Nd5 Bd6 52. a7 Kb7 53. Nb6 1-0

[Event "Titled Tue 17th Jun Late"]
[Site "chess.com INT"]
[Date "2025.06.17"]
[Round "2"]
[White "Golis, Wiktor"]
[Black "Playa, Marcelo"]
[Result "1-0"]
[WhiteTitle "FM"]
[BlackTitle "IM"]
[WhiteElo "2307"]
[BlackElo "2376"]
[WhiteFideId "21055874"]
[BlackFideId "102202"]
[EventDate "2025.06.17"]

1. e4 e6 2. d4 d5 3. Bd3 c5 4. exd5 exd5 5. Nf3 c4 6. Be2 Nf6 7. O-O Bd6 8. b3
cxb3 9. axb3 O-O 10. h3 Nc6 11. Bd3 h6 12. c3 Bc7 13. Be3 Qd6 14. Nbd2 Re8 15.
c4 Nb4 16. Bb1 Ne4 17. Re1 Nc3 18. Qc1 Nxb1 19. Qxb1 Be6 20. Ne5 f6 21. Nef3 a5
22. Bxh6 gxh6 23. Qg6+ Kf8 24. Qxh6+ Ke7 25. c5 Qf4 26. Qg7+ Kd8 27. Re2 Nc2 28.
Rc1 Nxd4 29. Ree1 Re7 30. Qf8+ Re8 31. Qg7 Bd7 32. Rxe8+ Bxe8 33. Re1 Nf5 34.
Qxf6+ Kd7 35. Qe6+ 1-0

[Event "Titled Tue 17th Jun Late"]
[Site "chess.com INT"]
[Date "2025.06.17"]
[Round "2"]
[White "Cernov, Henrik"]
[Black "Fiorito, Joaquin"]
[Result "1-0"]
[WhiteTitle "FM"]
[BlackTitle "IM"]
[WhiteElo "2325"]
[BlackElo "2419"]
[WhiteFideId "16258312"]
[BlackFideId "180173"]
[EventDate "2025.06.17"]

1. e4 c6 2. d4 d5 3. e5 a6 4. h4 c5 5. c4 Nc6 6. Nf3 Bg4 7. cxd5 Nxd4 8. Nc3
Bxf3 9. gxf3 g6 10. Be3 Bg7 11. Bxd4 cxd4 12. Qxd4 Nh6 13. Bd3 O-O 14. h5 Rc8
15. Qe4 Qb6 16. Rb1 f5 17. Qe2 Qd4 18. e6 g5 19. Rd1 Qb4 20. Rg1 g4 21. Kf1 Bxc3
22. bxc3 Qxc3 23. d6 Qf6 24. dxe7 Qxe7 25. Qe3 Rf6 26. Qg5+ Kh8 27. Re1 Rg8 28.
Qe3 Re8 29. Qe5 Kg8 30. Bc4 b5 31. Bb3 Qg7 32. Rd1 Kh8 33. Rd7 Qg5 34. f4 Qh4
35. Qc7 Qh3+ 36. Ke1 Rfxe6+ 37. Bxe6 Rxe6+ 38. Kd2 Qf3 39. Rxh7+ Kg8 40. Qg7# 1-0

[Event "Titled Tue 17th Jun Late"]
[Site "chess.com INT"]
[Date "2025.06.17"]
[Round "2"]
[White "Stichter, Constantin Paul"]
[Black "Hadzovic, Amir"]
[Result "0-1"]
[WhiteTitle "CM"]
[BlackTitle "FM"]
[WhiteElo "2216"]
[BlackElo "2354"]
[WhiteFideId "34603140"]
[BlackFideId "14402300"]
[EventDate "2025.06.17"]

1. c4 e5 2. g3 Nc6 3. Bg2 Bc5 4. Nc3 d6 5. Nf3 f5 6. O-O Nf6 7. d3 O-O 8. Ng5
Qe8 9. Nd5 Nxd5 10. cxd5 Nd8 11. Qb3 Bb6 12. a4 a5 13. e4 h6 14. Nf3 Qh5 15. Nh4
f4 16. Nf5 Bxf5 17. exf5 f3 18. Bh1 Qxf5 19. Be3 Bxe3 20. fxe3 f2+ 21. Kg2 Qf3+
22. Kh3 Qxe3 23. Qc2 Rf6 24. Kg2 Nf7 25. Rxf2 Rxf2+ 26. Qxf2 Qxd3 27. Kg1 Ng5
28. Bg2 Rf8 29. Qe1 Qd4+ 30. Kh1 Qxb2 31. Rb1 Qc2 32. Rxb7 e4 33. Rb1 Nf3 34.
Qf1 Qd2 35. Qc4 e3 36. Qxc7 e2 37. Bxf3 Rxf3 38. Qc8+ Kh7 39. Qe6 Rf1+ 40. Kg2
e1=Q+ 41. Kh3 Qxe6+ 42. dxe6 Rxb1 43. e7 0-1

[Event "Titled Tue 17th Jun Late"]
[Site "chess.com INT"]
[Date "2025.06.17"]
[Round "2"]
[White "Swara Lakshmi S Nair"]
[Black "Toktomushev, Teimur"]
[Result "0-1"]
[WhiteTitle "WCM"]
[BlackTitle "FM"]
[WhiteElo "2187"]
[BlackElo "2390"]
[WhiteFideId "25629239"]
[BlackFideId "14176726"]
[EventDate "2025.06.17"]

1. e4 c5 2. Nf3 e6 3. d4 cxd4 4. Nxd4 a6 5. c4 Nf6 6. Nc3 Qc7 7. Be2 b6 8. Be3
Bb7 9. f3 d6 10. Rc1 Be7 11. O-O O-O 12. b3 Nbd7 13. Qd2 Rac8 14. Rfd1 Qb8 15.
Bf4 Ba8 16. Nc2 Ne5 17. Bg3 Rfd8 18. f4 Ned7 19. Bf3 b5 20. Ne3 b4 21. Ne2 Nc5
22. Qc2 Nfxe4 23. Be1 d5 24. cxd5 exd5 25. Nd4 Qxf4 26. Qe2 Bg5 27. Nf1 Qxc1 28.
Rxc1 Bxc1 29. Bxb4 Re8 30. Qd1 Bb2 31. Nf5 g6 32. Nh6+ Kg7 33. Ng4 h5 34. Nge3
Rcd8 0-1

[Event "Titled Tue 17th Jun Late"]
[Site "chess.com INT"]
[Date "2025.06.17"]
[Round "2"]
[White "Kanakaris, Georgios"]
[Black "Rasch, Holger"]
[Result "0-1"]
[WhiteTitle "IM"]
[BlackTitle "FM"]
[WhiteElo "2396"]
[BlackElo "2246"]
[WhiteFideId "4209460"]
[BlackFideId "4615670"]
[EventDate "2025.06.17"]

1. d4 c5 2. dxc5 e6 3. Nc3 Bxc5 4. e4 Nc6 5. Nf3 a6 6. Bd3 b5 7. O-O Nge7 8. Bg5
h6 9. Bh4 Bb7 10. Qd2 d6 11. Rad1 Qc7 12. Bg3 Ne5 13. Nxe5 dxe5 14. a4 b4 15.
Na2 h5 16. Qg5 Ng6 17. h3 Rh6 18. c3 f6 19. Qd2 bxc3 20. Qxc3 Rc8 21. Rc1 Qb6
22. Qd2 Kf7 23. b4 Bd4 24. Rxc8 Bxc8 25. Rc1 Bb7 26. a5 Qd8 27. Qe2 h4 28. Bh2
Nf4 29. Bxf4 exf4 30. Bxa6 f3 31. Qxf3 Bxa6 32. Rd1 e5 33. b5 Bb7 34. a6 Ba8 35.
Nb4 Qb6 36. Qe3 Bxe3 37. Rd2 Bxd2 0-1

[Event "Titled Tue 17th Jun Late"]
[Site "chess.com INT"]
[Date "2025.06.17"]
[Round "2"]
[White "Toroptseva, Yevheniia"]
[Black "Ferey, Antonin"]
[Result "0-1"]
[WhiteTitle "WFM"]
[BlackTitle "CM"]
[WhiteElo "2104"]
[BlackElo "2238"]
[WhiteFideId "34109374"]
[BlackFideId "36051454"]
[EventDate "2025.06.17"]

1. Nc3 g6 2. e4 Bg7 3. d4 d6 4. Be3 a6 5. Qd2 b5 6. a3 Bb7 7. f3 e6 8. h4 h6 9.
g4 Nf6 10. O-O-O Nfd7 11. h5 g5 12. f4 gxf4 13. Bxf4 Nb6 14. g5 hxg5 15. Bxg5
Qxg5 16. Qxg5 Bh6 17. Nf3 N8d7 18. Rd2 Bxg5 19. Nxg5 Nf6 20. h6 Ke7 21. Nf3 Nxe4
22. Nxe4 Bxe4 23. Rf2 Nd5 24. Ng5 Bxh1 25. Rxf7+ Ke8 26. Rg7 Ne7 27. Nxe6 Rxh6
28. Nxc7+ Kf8 29. Rg4 Rc8 30. Rf4+ Kg8 31. Nxa6 d5 32. Bxb5 Be4 33. Rg4+ Rg6 34.
Rxg6+ Nxg6 35. Nb4 Nf4 36. c3 Kf7 37. Kd2 Ke6 38. Ke3 Ng2+ 39. Kd2 Rf8 40. a4
Rf2+ 41. Kc1 Ne3 42. a5 Nc2 43. a6 Nxb4 44. a7 Na2+ 45. Kd1 Nxc3+ 46. bxc3 Ra2
47. a8=Q Rxa8 48. Kd2 Ra2+ 49. Ke3 Rc2 50. c4 Rc3+ 51. Kd2 Rd3+ 52. Ke2 Rxd4 53.
cxd5+ Bxd5 54. Ke3 Ke5 55. Bf1 Ra4 56. Bg2 Ra3+ 57. Kf2 Ra2+ 58. Kg3 Rxg2+ 59.
Kh4 Kf5 60. Kh3 Kf4 61. Kh4 Rh2# 0-1

[Event "Titled Tue 17th Jun Late"]
[Site "chess.com INT"]
[Date "2025.06.17"]
[Round "2"]
[White "Sliwicka, Alicja"]
[Black "Moroni, Luca Jr"]
[Result "1-0"]
[WhiteTitle "WGM"]
[BlackTitle "GM"]
[WhiteElo "2299"]
[BlackElo "2549"]
[WhiteFideId "1150677"]
[BlackFideId "865834"]
[EventDate "2025.06.17"]

1. e4 g6 2. d4 Bg7 3. c3 d6 4. Bd3 Nf6 5. Be3 O-O 6. Nd2 Nc6 7. Ne2 e5 8. d5 Ne7
9. Ng3 Ng4 10. Ndf1 h5 11. Bg5 f6 12. Bd2 h4 13. f3 Nh6 14. Ne2 f5 15. Bg5 fxe4
16. Bxe4 Bf5 17. Qd2 Kh7 18. Bxh4 Qd7 19. Nfg3 c6 20. Bxe7 Qxe7 21. dxc6 bxc6
22. Bxc6 Rad8 23. Bd5 Bc8 24. Ne4 Nf5 25. N2g3 Bh6 26. Qd3 Ne3 27. Kf2 Ng4+ 28.
Ke2 Ne3 29. Kf2 Qc7 30. h4 Nxd5 31. Ng5+ Kg7 32. Nh5+ Kh8 33. Qxg6 Bf5 34. Qxh6+
Kg8 35. Rad1 Nf4 36. Nf6+ Rxf6 37. Qxf6 Rf8 38. Qxd6 Qc4 39. Rd2 e4 40. Qd4 Qc7
41. Nxe4 Ne6 42. Qd5 Qb6+ 43. Kg3 Qe3 44. Qe5 Rf7 45. Nf6+ Kf8 46. Qxe3 Rg7+ 47.
Kf2 1-0

[Event "Titled Tue 17th Jun Late"]
[Site "chess.com INT"]
[Date "2025.06.17"]
[Round "2"]
[White "Urquhart, Ed"]
[Black "Rathbone-Jones, Ifan"]
[Result "0-1"]
[BlackTitle "CM"]
[WhiteElo "2209"]
[BlackElo "2208"]
[WhiteFideId "2603748"]
[BlackFideId "1803859"]
[EventDate "2025.06.17"]

1. e4 c5 2. Nc3 e6 3. d4 cxd4 4. Qxd4 Nc6 5. Qd3 a6 6. Bf4 Nf6 7. O-O-O Be7 8.
Kb1 b5 9. f3 Bb7 10. g4 Nb4 11. Qd2 d5 12. a3 Nc6 13. exd5 exd5 14. Nxd5 Nxd5
15. Qxd5 O-O 16. Qxd8 Raxd8 17. Bd3 Nd4 18. Rf1 Bf6 19. g5 Be7 20. h4 Rfe8 21.
h5 Ne6 22. Bc1 Bxg5 23. Nh3 Bxc1 24. Kxc1 Nd4 25. Ng5 h6 26. Ne4 Nb3+ 27. Kd1
Bxe4 28. fxe4 Rxe4 29. Rf3 Nc5 30. Kd2 Re5 31. Kc3 Nxd3 32. cxd3 Rc5+ 33. Kd2
Rdc8 34. Rhf1 R8c7 35. Ke3 Rxh5 36. Rg1 Re5+ 37. Kd2 Rec5 38. Rfg3 g6 39. Ke3
Rc2 40. b4 R2c3 41. Ra1 Rc2 42. Kd4 Rd7+ 43. Ke5 Re2+ 44. Kf4 Rd4+ 45. Kf3 Rxd3+
46. Kxe2 Rxg3 47. Rc1 Rxa3 48. Rc7 Kg7 49. Kd2 Rb3 50. Kc2 Rxb4 51. Rc6 Rc4+ 52.
Kd3 Rxc6 0-1

[Event "Titled Tue 17th Jun Late"]
[Site "chess.com INT"]
[Date "2025.06.17"]
[Round "2"]
[White "Halynyazov, Vepaly"]
[Black "Buchenau, Frank"]
[Result "0-1"]
[BlackTitle "FM"]
[WhiteElo "2189"]
[BlackElo "2205"]
[WhiteFideId "14004020"]
[BlackFideId "4604350"]
[EventDate "2025.06.17"]

1. d4 e6 2. c4 Nf6 3. Nc3 Bb4 4. a3 Bxc3+ 5. bxc3 Ne4 6. Qc2 f5 7. f3 Qh4+ 8. g3
Nxg3 9. hxg3 Qxh1 10. Kf2 Qh5 11. d5 e5 12. d6 cxd6 13. a4 Na6 14. Ba3 Nc5 15.
Rd1 Qg6 16. Rd5 b6 17. Qd1 Ke7 18. Bh3 Bb7 19. Rd2 Bc6 20. a5 Rhf8 21. e3 e4 22.
Ne2 exf3 23. Nf4 Ne4+ 24. Kf1 Qxg3 25. Bxd6+ Nxd6 26. Rxd6 f2 27. Rxd7+ Bxd7 28.
Nd5+ Kf7 29. Qh5+ Qg6 30. Qxg6+ hxg6 31. Kxf2 Bc6 32. Nf4 Rad8 33. Ke2 g5 34.
Nd3 Kf6 35. Bf1 g4 36. Nb4 Bf3+ 37. Kf2 bxa5 0-1

[Event "Titled Tue 17th Jun Late"]
[Site "chess.com INT"]
[Date "2025.06.17"]
[Round "2"]
[White "Przybylski, Wojciech"]
[Black "Maksimovic, Bojan"]
[Result "0-1"]
[WhiteTitle "FM"]
[BlackTitle "IM"]
[WhiteElo "2340"]
[BlackElo "2514"]
[WhiteFideId "1117599"]
[BlackFideId "14408120"]
[EventDate "2025.06.17"]

1. d4 g6 2. g3 Bg7 3. Bg2 d6 4. e4 Bd7 5. Nc3 Qc8 6. Be3 Nc6 7. Qd2 Nf6 8. O-O-O
Ng4 9. Bh3 Nxe3 10. Bxd7+ Qxd7 11. Qxe3 e6 12. f4 Ne7 13. e5 d5 14. Nh3 h5 15.
Ng5 Bh6 16. h3 a6 17. g4 Bxg5 18. fxg5 O-O-O 19. Qf3 Nc6 20. Ne2 Rh7 21. Rhf1
hxg4 22. Qxg4 Rdh8 23. Nf4 Ne7 24. Rd3 Nf5 25. Qd1 Rh4 26. Rdf3 Kb8 27. b3 Ka8
28. Kb2 Qe7 29. Rg1 c5 30. c3 Rc8 31. Rg4 cxd4 32. cxd4 Rhh8 33. a3 Rc6 34. Rd3
Rhc8 35. Rg2 Rc1 36. Qxc1 Rxc1 37. Kxc1 Qxa3+ 38. Kb1 Qb4 39. Rgd2 Ka7 40. Kc2
Qe7 41. Rg2 Qc7+ 42. Kb2 Qa5 43. Rgd2 Ne3 44. h4 Qb4 45. Ka2 a5 46. h5 gxh5 47.
Nxh5 a4 48. bxa4 Nc4 49. Rc2 Qxa4+ 50. Kb1 Qb4+ 51. Ka2 b5 52. Nf6 Qa4+ 53. Kb1
b4 54. Rf2 b3 55. Nd7 Qxd7 56. Rc3 Qa4 57. Rxf7+ Kb6 58. Rf2 Qb4 59. Rc1 b2 60.
Rcc2 Na3+ 0-1

[Event "Titled Tue 17th Jun Late"]
[Site "chess.com INT"]
[Date "2025.06.17"]
[Round "2"]
[White "Zepeda Berlanga, Jan Enrique"]
[Black "Terkiewicz, Bruno"]
[Result "0-1"]
[WhiteTitle "CM"]
[BlackTitle "CM"]
[WhiteElo "1984"]
[BlackElo "2183"]
[WhiteFideId "5132355"]
[BlackFideId "21093245"]
[EventDate "2025.06.17"]

1. e4 c5 2. Nf3 d6 3. d4 cxd4 4. Nxd4 Nf6 5. Nc3 a6 6. Be3 e5 7. Nf3 Be7 8. Bc4
Be6 9. Bxe6 fxe6 10. O-O O-O 11. Qd3 Nc6 12. h3 Nh5 13. Rad1 Nf4 14. Qc4 Qc8 15.
Bxf4 Rxf4 16. Ne2 Rxf3 17. gxf3 b5 18. Qb3 Na5 19. Qd3 Qe8 20. b3 Qh5 21. f4 Rf8
22. f5 Nb7 23. b4 Nd8 24. Kh2 Nf7 25. Rg1 Ng5 26. Rxg5 Qxg5 27. Rg1 Qh4 28. Qg3
Qxg3+ 29. Nxg3 Bh4 30. Nh5 exf5 31. Nxg7 Bxf2 32. Rg2 f4 33. Ne6+ Bg3+ 34. Kg1
Rc8 35. Ng5 Rc3 36. Kf1 h6 37. Ne6 Kf7 38. Nd8+ Ke7 39. Nb7 Rc4 40. Na5 Rxe4 41.
Rd2 f3 42. c4 Re1# 0-1

[Event "Titled Tue 17th Jun Late"]
[Site "chess.com INT"]
[Date "2025.06.17"]
[Round "2"]
[White "Garcia Hernandez, Rebeca"]
[Black "Calvo Gonzalez, Jose Felix"]
[Result "1-0"]
[WhiteTitle "WCM"]
[BlackTitle "CM"]
[WhiteElo "1904"]
[BlackElo "2168"]
[WhiteFideId "5180872"]
[BlackFideId "54505615"]
[EventDate "2025.06.17"]

1. Nf3 Nf6 2. g3 g6 3. Bg2 Bg7 4. O-O O-O 5. d4 d6 6. b3 Nbd7 7. Bb2 c5 8. Nbd2
Qc7 9. c4 b6 10. e4 Bb7 11. Qe2 cxd4 12. Bxd4 Nc5 13. e5 dxe5 14. Bxe5 Qc6 15.
Ne1 Qd7 16. Bxb7 Qxb7 17. Nd3 Nxd3 18. Qxd3 Rfd8 19. Qe2 Rxd2 20. Qxd2 Ne4 21.
Qb2 Ng5 22. f3 Bxe5 23. Qxe5 Nxf3+ 24. Rxf3 Qxf3 25. Qxe7 Qd3 26. Rf1 Rf8 27.
Qxa7 Qd4+ 28. Kg2 h5 29. h4 Qe4+ 30. Kg1 Qe6 31. Qc7 f5 32. a4 Qe3+ 33. Kg2 Re8
34. Qc6 Qe2+ 35. Rf2 Qe3 36. Rf3 Qe2+ 37. Rf2 Qe7 38. Qd5+ 1-0

[Event "Titled Tue 17th Jun Late"]
[Site "chess.com INT"]
[Date "2025.06.17"]
[Round "2"]
[White "Akkara, Omer"]
[Black "Sargsyan, Shant"]
[Result "0-1"]
[WhiteTitle "CM"]
[BlackTitle "GM"]
[WhiteElo "2036"]
[BlackElo "2669"]
[WhiteFideId "26319802"]
[BlackFideId "13306766"]
[EventDate "2025.06.17"]

1. e4 g6 2. d4 Nf6 3. Nc3 d5 4. e5 Ne4 5. Nxe4 dxe4 6. g3 Bg7 7. Bg2 c5 8. c3
Nc6 9. Ne2 Bg4 10. Bxe4 cxd4 11. f3 d3 12. fxg4 dxe2 13. Bxc6+ bxc6 14. Qxe2 Qd5
15. O-O Bxe5 16. Bf4 Bg7 17. Rad1 Qxa2 18. Be5 Bxe5 19. Qxe5 O-O 20. Qxe7 Qxb2
21. Qf6 Rae8 22. Rf2 Re2 23. Rdf1 Qb6 24. Kg2 Rxf2+ 25. Rxf2 a5 26. h4 a4 27. h5
Qd8 28. Qxc6 Qa8 29. Qxa8 Rxa8 30. h6 a3 31. Ra2 f6 32. Kf3 Kf7 33. Ke4 Ke6 34.
c4 Kd6 35. Kd4 Kc6 36. Kc3 Kc5 37. Kb3 Rb8+ 38. Kc3 Ra8 39. Kb3 Ra7 40. Kc3 Ra6
41. Kb3 Re6 42. Kxa3 Ra6+ 43. Kb3 Rxa2 44. Kxa2 Kxc4 45. Kb2 Kd4 46. Kb3 Ke3 47.
Kc4 Kf3 48. Kd5 Kxg4 49. Ke6 Kg5 50. Kf7 Kxh6 51. Kxf6 Kh5 52. Kg7 h6 53. Kh7
Kg5 54. Kg7 h5 55. Kf7 Kf5 56. Kg7 g5 57. Kh6 h4 0-1

[Event "Titled Tue 17th Jun Late"]
[Site "chess.com INT"]
[Date "2025.06.17"]
[Round "2"]
[White "Eljanov, Pavel"]
[Black "Sinkar, Anagha Aniket"]
[Result "1-0"]
[WhiteTitle "GM"]
[BlackTitle "WCM"]
[WhiteElo "2669"]
[BlackElo "1776"]
[WhiteFideId "14102951"]
[BlackFideId "30974780"]
[EventDate "2025.06.17"]

1. d4 Nf6 2. Nf3 g6 3. Bf4 Bg7 4. Nbd2 d5 5. e3 O-O 6. h3 c5 7. c3 Nc6 8. Be2 b6
9. O-O Bb7 10. a3 Qd7 11. b4 cxb4 12. axb4 a5 13. b5 Na7 14. Ne5 Qe8 15. c4 dxc4
16. Ndxc4 Nxb5 17. Bf3 Bxf3 18. Qxf3 Ra6 19. Rfb1 Nc3 20. Rxb6 Rxb6 21. Nxb6 Qb5
22. Qc6 Qb2 23. Re1 Ne2+ 24. Kh1 Nxf4 25. exf4 Qxf2 26. Nf3 Nh5 27. Nd5 e6 28.
Ne7+ Kh8 29. Qc1 Ng3+ 30. Kh2 Ne2 31. Qd2 Qg3+ 32. Kh1 Nxf4 33. Ne5 Nxg2 34. Rc1
Qxh3+ 35. Kg1 Qe3+ 36. Qxe3 Nxe3 37. Rc8 Bh6 38. Nxf7+ Kg7 39. Nd8 a4 40. Nxe6+
Kf7 41. Nxf8 Bxf8 42. Nc6 a3 43. Ra8 Nc4 44. Kf2 Nb6 45. Ra7+ Ke8 46. Kf3 Nc4
47. Ke4 Nd6+ 48. Kd5 Nb5 49. Ra8+ Kd7 50. Rxf8 a2 51. Rf1 Nc3+ 52. Kc5 Nb1 53.
Rf7+ Kc8 54. Kd6 a1=Q 55. Rc7# 1-0

[Event "Titled Tue 17th Jun Late"]
[Site "chess.com INT"]
[Date "2025.06.17"]
[Round "2"]
[White "Hungaski, Robert"]
[Black "Mitrabha, Guha"]
[Result "1-0"]
[WhiteTitle "GM"]
[BlackTitle "GM"]
[WhiteElo "2477"]
[BlackElo "2515"]
[WhiteFideId "2021030"]
[BlackFideId "5057000"]
[EventDate "2025.06.17"]

1. h3 d5 2. e3 e5 3. d4 e4 4. Ne2 c6 5. b3 f5 6. Qd2 Nf6 7. c4 Be6 8. Nec3 Nbd7
9. Ba3 Bxa3 10. Nxa3 O-O 11. Nc2 Qe7 12. Be2 g5 13. h4 h6 14. g3 Qg7 15. c5 Ng4
16. hxg5 hxg5 17. Bxg4 fxg4 18. b4 b6 19. b5 Rac8 20. bxc6 Nf6 21. cxb6 axb6 22.
Nb4 Qe7 23. a3 Ra8 24. Qb2 Qf7 25. Rh2 Ne8 26. Nb5 Ra5 27. Qe2 Kg7 28. Rc1 Nc7
29. Nxc7 Qxc7 30. Rc3 Rfa8 31. Qb2 Kg6 32. Kd2 Bc8 33. Qc1 Be6 34. Qh1 Qg7 35.
c7 Rxa3 36. Rc6 Qf8 37. Rh6+ Kf5 38. Rxb6 Rd3+ 39. Nxd3 exd3 40. e4+ dxe4 41.
Rb5+ 1-0

[Event "Titled Tue 17th Jun Late"]
[Site "chess.com INT"]
[Date "2025.06.17"]
[Round "2"]
[White "Ismagilov, Damir"]
[Black "Mata Gonzalez, Jose Fernando"]
[Result "0-1"]
[WhiteTitle "CM"]
[BlackTitle "CM"]
[WhiteElo "2173"]
[BlackElo "2164"]
[WhiteFideId "34199982"]
[BlackFideId "5107423"]
[EventDate "2025.06.17"]

1. d4 d5 2. c4 e6 3. Nc3 Nf6 4. cxd5 exd5 5. Bg5 c6 6. e3 Be7 7. Bd3 Nbd7 8. Nf3
O-O 9. Qc2 h6 10. Bh4 Re8 11. O-O Ne4 12. Bxe7 Qxe7 13. Rab1 f5 14. Ne2 a5 15.
a3 Ndf6 16. Ne5 Bd7 17. f3 Nd6 18. Ng3 g6 19. e4 dxe4 20. fxe4 Nfxe4 21. Nxe4
fxe4 22. Bxe4 Nxe4 23. Rf7 Qxf7 24. Nxf7 Kxf7 25. Qb3+ Kg7 26. Qxb7 Rad8 27. Qc7
Nf6 28. Qxa5 Bf5 29. Re1 Rxe1+ 30. Qxe1 Kf7 31. Qc3 Be4 32. h3 Bd5 33. a4 Re8
34. Kf1 Ne4 35. Qc1 h5 36. Qf4+ Kg7 37. Qc7+ Kg8 38. a5 h4 39. Kg1 Ng3 40. a6
Re1+ 41. Kf2 Re2+ 42. Kg1 Rxg2# 0-1

[Event "Titled Tue 17th Jun Late"]
[Site "chess.com INT"]
[Date "2025.06.17"]
[Round "2"]
[White "Papacek, Stepan"]
[Black "Tang, Austin"]
[Result "0-1"]
[WhiteTitle "FM"]
[WhiteElo "2225"]
[BlackElo "1979"]
[WhiteFideId "301035"]
[BlackFideId "30964580"]
[EventDate "2025.06.17"]

1. e4 c5 2. c3 Nf6 3. e5 Nd5 4. Nf3 Nc6 5. Bc4 Nb6 6. Bb3 c4 7. Bc2 d6 8. exd6
exd6 9. O-O Be7 10. b3 d5 11. d3 O-O 12. Bf4 Bg4 13. Nbd2 Bf6 14. d4 Rc8 15. h3
Bxf3 16. Nxf3 Ne7 17. Qd2 Ng6 18. Bg3 Qd7 19. Rfe1 Rfe8 20. Rxe8+ Rxe8 21. Re1
Re6 22. Rxe6 Qxe6 23. Qe3 Nd7 24. Qxe6 fxe6 25. bxc4 dxc4 26. Nd2 b5 27. Ne4 Be7
28. Bd6 Nb6 29. Bxe7 Nxe7 30. Nc5 Kf7 31. Bxh7 g6 32. Ne4 Nbd5 33. Ng5+ Kf6 34.
h4 Nxc3 35. Kf1 Ncd5 36. g3 b4 37. Ke2 Nc3+ 38. Kd2 Nxa2 39. f4 b3 40. h5 c3+ 0-1

[Event "Titled Tue 17th Jun Late"]
[Site "chess.com INT"]
[Date "2025.06.17"]
[Round "2"]
[White "Castillo Pena, Patricia Evarista"]
[Black "Todorovic, Bojan"]
[Result "0-1"]
[WhiteTitle "WFM"]
[BlackTitle "FM"]
[WhiteElo "1909"]
[BlackElo "2111"]
[WhiteFideId "6412106"]
[BlackFideId "917087"]
[EventDate "2025.06.17"]

1. d4 Nf6 2. Nf3 g6 3. Nc3 d5 4. Bf4 Bg7 5. e3 O-O 6. h4 c5 7. Qd2 Nc6 8. h5 Ne4
9. Nxe4 dxe4 10. Ne5 cxd4 11. Nxc6 bxc6 12. exd4 Qxd4 13. Qxd4 Bxd4 14. O-O-O
Bxf2 15. hxg6 hxg6 16. Bc4 e6 17. Bd6 Rd8 18. Be5 Be3+ 19. Kb1 Rxd1+ 20. Rxd1
Bg5 21. Re1 c5 22. Rxe4 Bb7 23. Re2 Bd5 24. Bd3 c4 25. Be4 Rd8 26. a3 Bxe4 27.
Rxe4 Rd1+ 28. Ka2 Rd5 29. Bb8 c3 30. Rc4 cxb2 31. Kxb2 a5 32. Bc7 Bf6+ 33. c3
Rb5+ 34. Kc2 Kg7 35. g4 Rd5 36. a4 Be5 37. Bb6 Bd6 38. Bd4+ e5 39. Bb6 f5 40.
gxf5 gxf5 41. Rh4 Kg6 42. Rh3 e4 43. Bd4 f4 44. Rh4 Kg5 0-1

[Event "Titled Tue 17th Jun Late"]
[Site "chess.com INT"]
[Date "2025.06.17"]
[Round "2"]
[White "Drygalov, Sergey"]
[Black "Lisenkov, Svyatoslav"]
[Result "1-0"]
[WhiteTitle "GM"]
[BlackTitle "CM"]
[WhiteElo "2560"]
[BlackElo "2283"]
[WhiteFideId "24171743"]
[BlackFideId "34264183"]
[EventDate "2025.06.17"]

1. d4 Nf6 2. c4 g6 3. Nc3 Bg7 4. e4 O-O 5. Nf3 d6 6. Be2 e5 7. O-O Na6 8. Be3
Qe8 9. d5 Ng4 10. Bd2 f5 11. a3 Nc5 12. exf5 gxf5 13. b4 Nd7 14. Ng5 Ndf6 15. h3
Nh6 16. Nb5 Qe7 17. Rc1 f4 18. Bd3 Nf5 19. Qc2 Nxd5 20. Nf3 Nb6 21. c5 dxc5 22.
bxc5 Nd5 23. c6 b6 24. Rfe1 Nh4 25. Nxh4 Qxh4 26. Bc4 Be6 27. Qb3 Rad8 28. Nxc7
Nxc7 29. Bxe6+ Kh8 30. Bd7 f3 31. Rc4 Qh5 32. Rg4 fxg2 33. Bb4 Rf7 34. Bd6 Ne8
35. Bxe5 Bxe5 36. Rxe5 Qxe5 37. Qxf7 Nd6 38. Qf4 Qxf4 39. Rxf4 Kg7 40. a4 Ne8
41. Re4 Nc7 42. Re7+ Kg6 43. Bg4 Nd5 44. c7 Rf8 45. Rd7 Nxc7 46. Rxc7 a6 47.
Rc6+ Rf6 48. Rxf6+ Kxf6 49. Be2 b5 50. axb5 axb5 51. Bxb5 Ke5 52. Kxg2 Kf4 53.
Bd3 h5 54. Be2 h4 55. Bg4 1-0